| 000 | 00401nam a22001337a 4500 | ||
|---|---|---|---|
| 020 | _a7119004077 | ||
| 082 |
_a641.5952 _bJIN |
||
| 100 | _aJinhuai, Wang & Yuan, Xue | ||
| 245 |
_aChinese Home-Style Cooking / _cWang Jinhuai ; Xue Yuan and Edited by Bai Ziran |
||
| 260 |
_aBeijing : _bForeign Languages Press, _c1990. |
||
| 300 |
_a239 p. ; _c26 cm. |
||
| 563 | _aHardcover. | ||
| 942 |
_2ddc _cBK |
||
| 999 |
_c611335 _d611335 |
||